Halley's Comet Billie Eilish paroles - Statistiques

Statistiques générales
  • Ce quiz a été pris 243 fois
  • Le résultat moyen est 124 sur 156
Statistiques - réponses
Hint Réponse % Correct
a
99%
Couplet 1 | Couplet 3 I
99%
do
98%
Couplet 2 Halley's
98%
Comet
97%
you
97%
to
95%
and
94%
but
93%
in
93%
it
93%
around
92%
more
92%
comes
91%
be
90%
don't
90%
my
90%
than
90%
want
90%
love
88%
for
87%
me
86%
dreams
85%
have
82%
like
82%
fall
81%
honest
80%
midnight
80%
haven't
79%
slept
79%
with
79%
is
77%
seem
77%
Sunday
77%
was
74%
been
73%
made
72%
since
72%
what
72%
must
71%
few
70%
I'm
70%
alone
69%
feel
69%
better
68%
admit
66%
break
66%
promise
66%
quite
66%
3 a.m
65%
ever
65%
are
64%
could
64%
now
64%
week
64%
you've
64%
silly
63%
am
62%
nights
62%
room
62%
brother's
61%
drag
61%
this
61%
fallen
60%
Couplet 4 I've
60%
or
60%
two
60%
might
58%
moment
57%
right
57%
before
56%
loved
54%
takes
54%
all
53%
sleepless
53%
think
53%
sitting
52%
you're
51%
at
48%
feeling
46%
hopeless
46%
nothing
45%
good
44%
ooh
39%
Aucun quiz correspondant
Distribution des résultats
% des personnes avec chaque résultat
Percentile par nombre de réponses
Votre historique - résultats
Vous n’avez pas pris ce quiz